[Event "XXIV Miedzynarodowe Mistrzostwa Polski Duchowienstwa w szachach klasycznych"]
[Site "AKSiM w Toruniu ul. Droga Starotorunska 3"]
[Date "1899-12-30"]
[Round "4.1"]
[White "Jakubiak, Karol"]
[Black "Sola, Wojciech"]
[Result "0-1"]
[WhiteTitle "II+"]
[BlackTitle "I"]
[WhiteElo "1756"]
[BlackElo "1812"]

1. e4 c5 2. c4 Nc6 3. Nc3 g6 4. Nf3 Bg7 5. d3 d6 6. Be3 e5 7. Be2 Nge7 8. Qd2 O-O
9. Bh6 f5 10. Bxg7 Kxg7 11. h4 f4 12. h5 Nd4 13. hxg6 hxg6 14. g3 Nec6 15. gxf4
Nxf3+ 16. Bxf3 Nd4 17. Be2 Rxf4 18. O-O-O Be6 19. Qe3 Qf6 20. Rh2 Rh8 21. Rxh8
Kxh8 22. Rh1+ Kg7 23. Rh2 Qg5 24. f3 Qg3 25. Qf2 Qxf2 26. Rxf2 Bg4 27. Nb5 Nxe2+
28. Rxe2 Rxf3 29. Rd2 Rf6 30. Nxa7 Bd7 31. Rg2 Rf3 32. Kd2 Bh3 33. Re2 g5 34.
Re3 Rf2+ 35. Ke1 Rh2 36. Nb5 Bd7 37. Nxd6 Rxb2 38. Re2 Rb6 39. Nb5 Bxb5 40. Rb2
Rd6 41. Rxb5 b6 42. Ke2 g4 43. a4 Kf6 44. a5 bxa5 45. Rxa5 Rc6 46. Ke3 Kg5 47.
Ra8 Kh4 48. Kf2 Rf6+ 49. Kg2 Rd6 50. Re8 Rxd3 51. Rxe5 Rd2+ 52. Kg1 Kg3 53. Rd5
Rc2 54. Rd3+ Kf4 55. Rd5 Rxc4 56. e5 Ke4 57. Rd2 Kxe5 58. Kg2 Rc3 59. Rd8 c4 60.
Rg8 g3 61. Re8+ Kd6 62. Rc8 Kd5 63. Rc7 Rd3 64. Rd7+ Ke4 65. Re7+ Kd4 66. Re1
c3 67. Rc1 Re3 68. Rd1+ Kc4 69. Rd8 Kb3 70. Rb8+ Ka2 71. Rc8 Kb1 72. Rb8+ Kc1
0-1

[Event "XXIV Miedzynarodowe Mistrzostwa Polski Duchowienstwa w szachach klasycznych"]
[Site "AKSiM w Toruniu ul. Droga Starotorunska 3"]
[Date "1899-12-30"]
[Round "4.2"]
[White "Bak, Stanislaw"]
[Black "Pawlowski, Slawomir"]
[Result "1-0"]
[WhiteTitle "I"]
[BlackTitle "I"]
[WhiteElo "1788"]
[BlackElo "1729"]

1. e4 d5 2. exd5 Qxd5 3. Nc3 Qd8 4. d4 Nf6 5. Nf3 Bg4 6. Be2 e6 7. O-O c6 8. Be3
Bd6 9. h3 Bxf3 10. Bxf3 Nbd7 11. Ne2 Nd5 12. c4 Nxe3 13. fxe3 O-O 14. e4 e5 15.
d5 Qb6+ 16. Kh1 Nf6 17. dxc6 Qxc6 18. Rc1 Bc5 19. Nc3 Rad8 20. Nd5 Nxd5 21. cxd5
Qb6 22. b3 Be3 23. Rc3 Bf4 24. Bg4 Be3 25. Qf3 Bd4 26. Rc4 g6 27. Qg3 Qa6 28.
a4 Rd6 29. Qf3 Kg7 30. Be6 Rxe6 31. dxe6 Qxe6 32. Rc7 Bb6 33. Rxb7 Kg8 34. Qf6
Qxf6 35. Rxf6 Bd4 36. Rc6 Kg7 37. Rcc7 Bb6 38. Rxb6 axb6 39. Rb7 Kf6 40. Rxb6+
Kg5 41. a5 Kf4 42. a6 Kg3 43. Rf6 Rd8 44. Rf3+ Kh4 45. Rxf7 Kg3 46. Rf3+ Kh4 47.
Kh2 Ra8 48. Rf6 Kg5 49. Re6 Kf4 50. b4 Kxe4 51. b5 Kd5 52. Re7 h6 53. a7 Kc5 54.
Rb7 h5 55. b6 Kc6 56. Rb8 1-0

[Event "XXIV Miedzynarodowe Mistrzostwa Polski Duchowienstwa w szachach klasycznych"]
[Site "AKSiM w Toruniu ul. Droga Starotorunska 3"]
[Date "1899-12-30"]
[Round "4.3"]
[White "Dyrda, Konrad"]
[Black "Kopaczewski, Adam"]
[Result "0-1"]
[WhiteTitle "II"]
[BlackTitle "I++"]
[WhiteElo "1679"]
[BlackElo "2096"]

1. d4 Nf6 2. c4 e5 3. dxe5 Ng4 4. Nf3 Bc5 5. e3 Nc6 6. Nc3 Ngxe5 7. Be2 Nxf3+ 8.
Bxf3 Ne5 9. O-O O-O 10. b3 Re8 11. Bb2 a5 12. Nd5 Ra6 13. Re1 Rh6 14. g3 Nxf3+
15. Qxf3 Bd6 16. Qf5 c6 17. Nf4 Be5 18. Bxe5 d6 19. Qd3 Rxe5 20. f3 g5 21. Ne2
Qd7 22. g4 f5 23. f4 Re7 24. Ng3 fxg4 25. f5 Qe8 26. e4 Rf6 27. Re3 h5 28. Rae1
Re5 29. Qc3 Rh6 30. b4 h4 31. Nf1 axb4 32. Qxb4 Qe7 33. Ra3 Kg7 34. Qb2 Rf6 35.
Ree3 Rxe4 36. Rxe4 Qxe4 37. Re3 Qxf5 0-1

[Event "XXIV Miedzynarodowe Mistrzostwa Polski Duchowienstwa w szachach klasycznych"]
[Site "AKSiM w Toruniu ul. Droga Starotorunska 3"]
[Date "1899-12-30"]
[Round "4.4"]
[White "Januszewski, Marek"]
[Black "Natoniewski, Sebastian"]
[Result "1-0"]
[WhiteTitle "II"]
[BlackTitle "II"]
[WhiteElo "1628"]
[BlackElo "1621"]

1. e4 c5 2. Nf3 d6 3. d4 cxd4 4. Nxd4 g6 5. Be3 Nf6 6. Bd3 Bg7 7. Nc3 O-O 8. f3
Nc6 9. Nxc6 bxc6 10. Bc4 a5 11. Qd2 Ba6 12. Bxa6 Rxa6 13. Bh6 e6 14. h4 Kh8 15.
h5 Nxh5 16. g4 Nf6 17. O-O-O Ng8 18. Bxg7+ Kxg7 19. g5 f5 20. exf5 Rxf5 21. f4
d5 22. Ne4 Ra7 23. Qd4+ 1-0

[Event "XXIV Miedzynarodowe Mistrzostwa Polski Duchowienstwa w szachach klasycznych"]
[Site "AKSiM w Toruniu ul. Droga Starotorunska 3"]
[Date "1899-12-30"]
[Round "4.5"]
[White "Drazek, Dariusz"]
[Black "Bartoszek, Krzysztof"]
[Result "1-0"]
[WhiteTitle "I"]
[BlackTitle "III"]
[WhiteElo "1812"]
[BlackElo "1527"]

1. e4 e6 2. d4 g6 3. Nf3 Bg7 4. Bg5 f6 5. Be3 Ne7 6. c4 d5 7. Nc3 O-O 8. Qd2 dxe4
9. Nxe4 Nf5 10. Be2 Nxe3 11. Qxe3 f5 12. Neg5 f4 13. Qe4 Qf6 14. h4 h6 15. Nh3
Qf5 16. Qxf5 exf5 17. Nxf4 g5 18. hxg5 hxg5 19. Nxg5 Bxd4 20. O-O-O Bxf2 21. Kb1
Be3 22. Nge6 Bxe6 23. Nxe6 Rc8 24. Rh3 f4 25. Rdh1 Na6 26. Rh7 Nc5 27. Rg7# 1-0

[Event "XXIV Miedzynarodowe Mistrzostwa Polski Duchowienstwa w szachach klasycznych"]
[Site "AKSiM w Toruniu ul. Droga Starotorunska 3"]
[Date "1899-12-30"]
[Round "4.6"]
[White "Mejzner, Miroslaw"]
[Black "Rembecki, Robert"]
[Result "1-0"]
[WhiteTitle "I"]
[BlackTitle "II"]
[WhiteElo "1811"]
[BlackElo "1506"]

1. e4 d5 2. exd5 Nf6 3. Bb5+ Bd7 4. Bc4 c6 5. dxc6 Bxc6 6. Nf3 e6 7. Nc3 Bd6 8.
d4 Nbd7 9. O-O O-O 10. d5 exd5 11. Nxd5 Nxd5 12. Bxd5 Qc7 13. Bxc6 Qxc6 14. Nd4
Qd5 15. Nf3 Qc6 16. Nd4 Qd5 17. c3 Nf6 18. h3 h6 19. Be3 Rad8 20. Qc2 a6 21. Qf5
Qc4 22. Bxh6 gxh6 23. Qxf6 Kh7 24. Nf5 1-0

[Event "XXIV Miedzynarodowe Mistrzostwa Polski Duchowienstwa w szachach klasycznych"]
[Site "AKSiM w Toruniu ul. Droga Starotorunska 3"]
[Date "1899-12-30"]
[Round "4.7"]
[White "Mazur, Jan"]
[Black "Szadkowski, Kamil"]
[Result "1/2-1/2"]
[WhiteTitle "II"]
[BlackTitle "II"]
[WhiteElo "1616"]
[BlackElo "1566"]

1. e4 d6 2. d4 Nf6 3. Bd3 e6 4. Nf3 g6 5. O-O Bg7 6. c4 O-O 7. Nc3 c6 8. Bg5 Qd7
9. Qd2 Na6 10. a3 b6 11. Bh6 Bb7 12. Bxg7 Kxg7 13. h4 h5 14. Rfe1 Rad8 15. Qe2
Nc7 16. Rad1 Rfe8 17. e5 Ng4 18. exd6 Qxd6 19. Ne4 Qe7 20. g3 Nh6 21. c5 Nf5 22.
Bb1 1/2-1/2

[Event "XXIV Miedzynarodowe Mistrzostwa Polski Duchowienstwa w szachach klasycznych"]
[Site "AKSiM w Toruniu ul. Droga Starotorunska 3"]
[Date "1899-12-30"]
[Round "4.9"]
[White "Grela, Franciszek"]
[Black "Kuzio, Andrzej"]
[Result "0-1"]
[WhiteTitle "II"]
[BlackTitle "II"]
[WhiteElo "1555"]
[BlackElo "1664"]

1. f4 e5 2. fxe5 d6 3. Nf3 dxe5 4. Nxe5 Bd6 5. Nf3 g5 6. d3 g4 7. Ng5 f5 8. e4
h6 9. Nf7 Kxf7 10. c3 Qh4+ 11. Kd2 Be6 12. exf5 Bd5 13. Qe2 Bf4+ 14. Kc2 Bxc1
15. Kxc1 Qg5+ 16. Kc2 Nd7 17. c4 Re8 18. Qf2 Bc6 19. Nd2 Qe3 20. Qxe3 Rxe3 21.
d4 Be4+ 22. Nxe4 Rxe4 23. Kd3 Ngf6 24. d5 Rhe8 25. g3 Re3+ 26. Kd2 R3e5 27. Bd3
Ne4+ 28. Kc2 Nf2 29. Rhf1 Nxd3 30. Kxd3 Re3+ 31. Kc2 Re2+ 32. Kb3 R8e3+ 33. Ka4
Rxb2 34. a3 Nc5+ 0-1

[Event "XXIV Miedzynarodowe Mistrzostwa Polski Duchowienstwa w szachach klasycznych"]
[Site "AKSiM w Toruniu ul. Droga Starotorunska 3"]
[Date "1899-12-30"]
[Round "5.1"]
[White "Sola, Wojciech"]
[Black "Bak, Stanislaw"]
[Result "0-1"]
[WhiteTitle "I"]
[BlackTitle "I"]
[WhiteElo "1812"]
[BlackElo "1788"]

1. c4 e5 2. Nc3 d6 3. g3 c6 4. Bg2 Nf6 5. d4 exd4 6. Qxd4 Qb6 7. Nf3 Be6 8. b3
d5 9. Qxb6 axb6 10. cxd5 Nxd5 11. Nxd5 Bxd5 12. O-O Bc5 13. Bb2 O-O 14. Ne5 Bxg2
15. Kxg2 Re8 16. e3 f6 17. Nd3 Na6 18. Rfd1 Red8 19. Bc3 Nc7 20. a4 Nd5 21. Be1
Bxe3 22. fxe3 Nxe3+ 23. Kf3 Nxd1 24. Rxd1 b5 25. axb5 cxb5 26. Bb4 Rd5 27. Ke4
Rad8 28. Rd2 g5 29. Ke3 Re8+ 30. Kf3 f5 31. h3 h5 32. Nc1 Red8 33. Rxd5 Rxd5 34.
Be7 g4+ 35. hxg4 hxg4+ 36. Kf2 Kf7 37. Bg5 Ke6 38. Ke3 Rd1 39. Ne2 Re1 40. Kd2
Rb1 41. Kc2 Re1 42. Kd3 Rd1+ 43. Bd2 Ke5 44. Ke3 Rb1 45. Nc1 Kd5 46. Kd3 Ra1 47.
Ne2 Rh1 48. Nc3+ Kc5 49. Ne2 Rf1 50. Nd4 Kd5 51. Ne2 Rf3+ 52. Be3 Ke5 53. Kd2
b4 54. Kd3 b5 55. Kd2 Ke4 56. Bf4 Rxb3 57. Kc2 Rf3 58. Kd2 Ra3 59. Nc1 Rc3 60.
Na2 Rd3+ 61. Ke2 Rb3 62. Nc1 Rb2+ 63. Ke1 b3 64. Bd6 Rb1 65. Kd2 b2 66. Ba3 bxc1=Q+
67. Bxc1 0-1

[Event "XXIV Miedzynarodowe Mistrzostwa Polski Duchowienstwa w szachach klasycznych"]
[Site "AKSiM w Toruniu ul. Droga Starotorunska 3"]
[Date "1899-12-30"]
[Round "5.2"]
[White "Kopaczewski, Adam"]
[Black "Mejzner, Miroslaw"]
[Result "1-0"]
[WhiteTitle "I++"]
[BlackTitle "I"]
[WhiteElo "2096"]
[BlackElo "1811"]

1. e4 e5 2. Nf3 Nc6 3. g3 Nf6 4. d3 Bc5 5. Bg2 d6 6. O-O O-O 7. c3 Bg4 8. h3 Bh5
9. b4 Bb6 10. a4 a6 11. g4 Bg6 12. Bg5 d5 13. d4 Bxe4 14. Nxe5 Ne7 15. f3 Bxb1
16. Qxb1 a5 17. b5 c5 18. bxc6 bxc6 19. f4 Rb8 20. Qd3 Qd6 21. f5 Qxe5 22. Bf4
Nxg4 23. Bxe5 Nxe5 24. Qg3 Nc4 25. Rae1 Rb7 26. Rxe7 1-0

[Event "XXIV Miedzynarodowe Mistrzostwa Polski Duchowienstwa w szachach klasycznych"]
[Site "AKSiM w Toruniu ul. Droga Starotorunska 3"]
[Date "1899-12-30"]
[Round "5.3"]
[White "Pawlowski, Slawomir"]
[Black "Januszewski, Marek"]
[Result "1-0"]
[WhiteTitle "I"]
[BlackTitle "II"]
[WhiteElo "1729"]
[BlackElo "1628"]

1. c4 c5 2. Nc3 Nc6 3. g3 Nf6 4. Bg2 e5 5. e4 d6 6. Nge2 Nd4 7. h3 Be7 8. d3 Be6
9. O-O Qd7 10. Kh2 h5 11. Nxd4 cxd4 12. Nd5 Bxd5 13. cxd5 g5 14. Kg1 O-O-O 15.
Bd2 Rdg8 16. Qe2 Kb8 17. Rfc1 g4 18. h4 Ne8 19. Rc4 Nc7 20. Rac1 Na6 21. b4 Rg6
22. Qd1 Rhg8 23. a4 Qd8 24. Rc8+ Qxc8 25. Rxc8+ Rxc8 26. Qb3 Rgg8 27. Bf1 Rg6
28. Be2 Rcg8 29. Bd1 Nc7 30. b5 Ne8 31. a5 Nf6 32. Qa3 Nd7 33. Bb3 Nc5 34. Bc4
b6 35. Bb4 Rf8 36. axb6 axb6 37. Bxc5 dxc5 38. d6 Rxd6 39. Bd5 Rc8 40. Qa8+ Kc7
41. Qb7+ Kd8 42. Kf1 Rc7 43. Qa8+ Rc8 44. Qa6 f5 45. Bb7 Rb8 46. Qa7 Rxb7 47.
Qxb7 fxe4 48. Qxe4 Bf6 49. Ke2 c4 50. dxc4 d3+ 51. Kd1 d2 52. Qf5 Ke7 53. Qxh5
Rd4 54. Qh7+ Ke6 55. Qc7 Rd6 56. Qc8+ Rd7 57. c5 bxc5 58. Qxc5 e4 59. Qc6+ Rd6
60. Qxe4+ Kd7 61. Qxg4+ Kc7 62. Qc4+ Kb6 63. f4 Bb2 64. Qb4 1-0

[Event "XXIV Miedzynarodowe Mistrzostwa Polski Duchowienstwa w szachach klasycznych"]
[Site "AKSiM w Toruniu ul. Droga Starotorunska 3"]
[Date "1899-12-30"]
[Round "5.4"]
[White "Jakubiak, Karol"]
[Black "Drazek, Dariusz"]
[Result "1/2-1/2"]
[WhiteTitle "II+"]
[BlackTitle "I"]
[WhiteElo "1756"]
[BlackElo "1812"]

1. e4 c6 2. d4 d5 3. Nc3 dxe4 4. Nxe4 Nd7 5. Nf3 Ngf6 6. Ng3 e6 7. Bd3 Be7 8. Bf4
Nd5 9. Bd2 Qb6 10. Rb1 c5 11. dxc5 Nxc5 12. Bc4 O-O 13. Bxd5 exd5 14. O-O Ne4
15. Be3 Qa5 16. a3 Bg4 17. h3 Nxg3 18. fxg3 Bh5 19. Bd4 Rac8 20. c3 Bd6 21. Qd2
Bc5 22. Kh1 Bxd4 23. Nxd4 Bg6 24. Rbd1 Be4 25. Nf5 Bxf5 26. Rxf5 Rfd8 27. Rxd5
Rxd5 28. Qxd5 Qb6 29. b3 h6 30. a4 Re8 31. g4 Qf2 32. Qxb7 Re1+ 33. Rxe1 Qxe1+
34. Kh2 Qe5+ 35. g3 Qxc3 36. Qxa7 Qd2+ 37. Kg1 Qd1+ 38. Kg2 Qd5+ 39. Kf2 Qd2+
40. Kf3 Qd5+ 1/2-1/2

[Event "XXIV Miedzynarodowe Mistrzostwa Polski Duchowienstwa w szachach klasycznych"]
[Site "AKSiM w Toruniu ul. Droga Starotorunska 3"]
[Date "1899-12-30"]
[Round "5.5"]
[White "Natoniewski, Sebastian"]
[Black "Dyrda, Konrad"]
[Result "0-1"]
[WhiteTitle "II"]
[BlackTitle "II"]
[WhiteElo "1621"]
[BlackElo "1679"]

1. d4 Nf6 2. c4 e5 3. e3 Nc6 4. Nc3 Bb4 5. a3 Bxc3+ 6. bxc3 O-O 7. Bd3 e4 8. Bc2
d6 9. f3 Re8 10. fxe4 Bg4 11. Nf3 Nxe4 12. Bxe4 Rxe4 13. O-O Qe7 14. Qd3 Re8 15.
Ra2 f6 16. Raf2 Bh5 17. Ng5 fxg5 18. Rf5 Bg6 19. R5f3 Rxd4 20. Qe2 Re4 21. h3
Ne5 22. R3f2 Rxc4 23. Bd2 Bd3 0-1

[Event "XXIV Miedzynarodowe Mistrzostwa Polski Duchowienstwa w szachach klasycznych"]
[Site "AKSiM w Toruniu ul. Droga Starotorunska 3"]
[Date "1899-12-30"]
[Round "5.7"]
[White "Rembecki, Robert"]
[Black "Mazur, Jan"]
[Result "1-0"]
[WhiteTitle "II"]
[BlackTitle "II"]
[WhiteElo "1506"]
[BlackElo "1616"]

1. e4 d6 2. d4 e5 3. dxe5 Qe7 4. Nc3 dxe5 5. Nf3 Bg4 6. Bc4 Nc6 7. Be3 Rd8 8. Qe2
Nd4 9. Bxd4 exd4 10. Nd5 Qd7 11. Qd3 Bxf3 12. Qxf3 c6 13. Nf4 b5 14. Bd3 Bb4+
15. Kf1 Nf6 16. e5 Nd5 17. Nxd5 cxd5 18. a4 bxa4 19. Qe2 Rb8 20. h4 O-O 21. Rh3
Rfe8 22. Qh5 g6 23. Qe2 Qe6 24. f4 f6 25. h5 g5 26. Rg3 h6 27. c4 dxc3 28. Qc2
Re7 29. bxc3 Rc8 30. Bf5 Qa6+ 31. Kg1 Rcc7 32. Rxa4 Qb6+ 33. Kh2 a5 34. Qb3 Bc5
35. Qxd5+ Kg7 36. fxg5 fxg5 37. Rxg5+ hxg5 38. Rg4 Be3 39. Qe4 Bf4+ 40. Qxf4 Kf8
41. Qxg5 Qb3 42. Qf6+ Ke8 43. Qh8+ 1-0

[Event "XXIV Miedzynarodowe Mistrzostwa Polski Duchowienstwa w szachach klasycznych"]
[Site "AKSiM w Toruniu ul. Droga Starotorunska 3"]
[Date "1899-12-30"]
[Round "5.8"]
[White "Kuzio, Andrzej"]
[Black "Kubasik, Adam"]
[Result "1-0"]
[WhiteTitle "II"]
[BlackTitle "III"]
[WhiteElo "1664"]
[BlackElo "1479"]

1. e4 e5 2. Nf3 d6 3. d4 exd4 4. Bc4 h6 5. O-O Nf6 6. e5 Nfd7 7. e6 fxe6 8. Nxd4
Nc5 9. Qh5+ Kd7 10. b4 d5 11. Bxd5 exd5 12. Qxd5+ Ke8 13. Re1+ Be7 14. Qxc5 Kf8
15. Qc4 Bf6 16. c3 Bxd4 17. cxd4 g5 18. b5 Rh7 19. Ba3+ Kg7 20. Nc3 c6 21. Re7+
Kh8 22. Rxh7+ Kxh7 23. Qf7+ Kh8 24. Be7 Be6 1-0

[Event "XXIV Miedzynarodowe Mistrzostwa Polski Duchowienstwa w szachach klasycznych"]
[Site "AKSiM w Toruniu ul. Droga Starotorunska 3"]
[Date "1899-12-30"]
[Round "5.10"]
[White "Domaraczenko, Krzysztof"]
[Black "Grela, Franciszek"]
[Result "1-0"]
[WhiteTitle "II"]
[BlackTitle "II"]
[WhiteElo "1510"]
[BlackElo "1555"]

1. e4 g6 2. Bc4 Bg7 3. Qf3 e6 4. Ne2 Nc6 5. d3 Ne5 6. Qg3 Nxc4 7. dxc4 Nf6 8. Nbc3
Nh5 9. Qd3 d6 10. O-O O-O 11. h3 Bd7 12. Rb1 Bc6 13. b4 b6 14. a4 a5 15. b5 Bb7
16. Nd4 Qf6 17. Be3 c5 18. bxc6 Bxc6 19. Rxb6 Be8 20. Rxd6 Nf4 21. Qd2 Bh6 22.
Nd5 Nxd5 23. Bxh6 Nb4 24. Bxf8 Kxf8 25. Qh6+ Kg8 26. Nf3 Bxa4 27. Ng5 Qg7 28.
Qh4 h6 29. Nf3 Bxc2 30. Rd8+ Rxd8 31. Qxd8+ Qf8 32. Qxa5 Bxe4 33. Ne5 Qd6 34.
Ng4 Qf4 35. Qxb4 h5 36. Ne3 Qg5 37. g3 Qf6 38. f4 g5 39. Qb8+ Kh7 40. Qe5 Qxe5
41. fxe5 Kg6 42. c5 Bc6 43. Nc4 Bd5 44. Nd6 1-0

[Event "XXIV Miedzynarodowe Mistrzostwa Polski Duchowienstwa w szachach klasycznych"]
[Site "AKSiM w Toruniu ul. Droga Starotorunska 3"]
[Date "1899-12-30"]
[Round "7.1"]
[White "Kopaczewski, Adam"]
[Black "Sola, Wojciech"]
[Result "1-0"]
[WhiteTitle "I++"]
[BlackTitle "I"]
[WhiteElo "2096"]
[BlackElo "1812"]

1. e4 c5 2. b3 Nc6 3. Bb2 e5 4. Ne2 d6 5. Ng3 g6 6. Bb5 Qb6 7. Nc3 Nge7 8. a4 a6
9. Bc4 Bg7 10. Nd5 Nxd5 11. Bxd5 O-O 12. O-O Rb8 13. f4 Ne7 14. Bc4 Qc6 15. a5
exf4 16. Bxg7 Kxg7 17. Rxf4 d5 18. Bd3 Qd6 19. Qf1 Be6 20. Re1 c4 21. exd5 cxd3
22. dxe6 fxe6 23. Rxf8 Rxf8 24. Qxd3 Qxd3 25. cxd3 Nc6 26. Rxe6 Rf7 27. Ne2 Nxa5
28. Nd4 Rd7 29. Re4 Kf7 30. b4 Nc6 31. Nxc6 bxc6 32. Rc4 Rd6 33. Kf1 Ke7 34. Ke2
Kd7 35. Rf4 Re6+ 36. Kd1 Kd6 37. Rf7 c5 38. bxc5+ Kxc5 39. Rxh7 a5 40. h4 a4 41.
Kc2 Re2 42. g4 Rg2 43. g5 Rg4 44. Rc7+ Kb5 45. Rc4 Rg2 46. Kc3 Rh2 47. Rb4+ Ka5
48. Re4 a3 49. Re5+ Ka4 50. Re6 Rxh4 51. Re4+ 1-0

[Event "XXIV Miedzynarodowe Mistrzostwa Polski Duchowienstwa w szachach klasycznych"]
[Site "AKSiM w Toruniu ul. Droga Starotorunska 3"]
[Date "1899-12-30"]
[Round "7.2"]
[White "Jakubiak, Karol"]
[Black "Bak, Stanislaw"]
[Result "0-1"]
[WhiteTitle "II+"]
[BlackTitle "I"]
[WhiteElo "1756"]
[BlackElo "1788"]

1. e4 c5 2. c4 Nc6 3. Nf3 d6 4. g3 Nf6 5. d3 e6 6. Bg2 Be7 7. Nc3 a6 8. O-O O-O
9. b3 Rb8 10. d4 cxd4 11. Nxd4 Qc7 12. Bb2 Nxd4 13. Qxd4 Rd8 14. Nd1 b6 15. Ne3
Ne8 16. Ng4 Bb7 17. h4 h5 18. Ne3 Bf6 19. Qd2 Bxb2 20. Qxb2 Nf6 21. f3 Qc5 22.
Qf2 b5 23. cxb5 axb5 24. Kh2 Ra8 25. Rfc1 Qb6 26. Qe2 Bxe4 27. Nc4 bxc4 28. fxe4
cxb3 29. axb3 Rxa1 30. Rxa1 Qxb3 31. Rd1 Ng4+ 32. Kh3 Nf2+ 0-1

[Event "XXIV Miedzynarodowe Mistrzostwa Polski Duchowienstwa w szachach klasycznych"]
[Site "AKSiM w Toruniu ul. Droga Starotorunska 3"]
[Date "1899-12-30"]
[Round "7.3"]
[White "Szadkowski, Kamil"]
[Black "Drazek, Dariusz"]
[Result "1/2-1/2"]
[WhiteTitle "II"]
[BlackTitle "I"]
[WhiteElo "1566"]
[BlackElo "1812"]

1. e4 c6 2. Nf3 d5 3. exd5 cxd5 4. d4 Nf6 5. Be2 Nc6 6. O-O Bg4 7. c3 e6 8. Bf4
Qb6 9. Qb3 Nd7 10. Nbd2 Be7 11. Rfe1 O-O 12. Nf1 Rac8 13. Ne3 Bh5 14. g4 Bg6 15.
Rad1 Rfe8 16. Bd3 Bxd3 17. Rxd3 Qa6 18. Red1 Na5 19. Qc2 Nc4 20. a3 b5 21. Nxc4
bxc4 22. Re3 Rc6 23. g5 Nf8 24. h4 Bd6 25. Be5 Ng6 26. Bxd6 Rxd6 27. h5 Nf8 28.
Ne5 Qb7 29. Ng4 Rb8 30. Rb1 Rb6 31. Re2 Qe7 32. Qd2 R8b7 33. f4 Qd8 34. Qe3 Nd7
35. h6 g6 36. Ne5 Nxe5 37. Qxe5 Qf8 1/2-1/2

[Event "XXIV Miedzynarodowe Mistrzostwa Polski Duchowienstwa w szachach klasycznych"]
[Site "AKSiM w Toruniu ul. Droga Starotorunska 3"]
[Date "1899-12-30"]
[Round "7.4"]
[White "Mejzner, Miroslaw"]
[Black "Pawlowski, Slawomir"]
[Result "1/2-1/2"]
[WhiteTitle "I"]
[BlackTitle "I"]
[WhiteElo "1811"]
[BlackElo "1729"]

1. e4 d5 2. exd5 Qxd5 3. Nc3 Qd8 4. d4 Nf6 5. Nf3 Bg4 6. h3 Bxf3 7. Qxf3 c6 8.
Be3 e6 9. Bd3 Nbd7 10. O-O Bd6 11. Ne4 Nxe4 12. Qxe4 Nf6 13. Qh4 Nd5 14. Qg4 Qd7
15. Qxg7 O-O-O 16. Bxh7 f5 17. Qxd7+ Rxd7 18. Bxf5 exf5 19. c4 Nf6 20. f4 Ne4
21. d5 c5 22. Rf3 Rg7 23. Rc1 Rhg8 24. Rc2 b6 25. b3 Be7 26. Bc1 Bf6 27. Bb2 Bxb2
28. Rxb2 Kd7 29. Re2 Kd6 30. Kh2 Rg6 31. Rfe3 Rh8 32. Rf3 Rh4 33. Rc2 Rg7 34.
Re2 Re7 35. Rf1 Rh8 36. Rfe1 Rg7 37. Re3 Rh4 38. Rf3 Rg6 39. Re2 Rh7 40. Re1 Rh4
41. Re2 Rgg4 42. Rfe3 Kd7 43. g3 Rh7 44. Kg2 Rg6 45. g4 Rh4 46. Kf1 Rg7 47. Rg2
Re7 48. Rf3 fxg4 49. hxg4 Rh1+ 50. Ke2 Nc3+ 51. Kd3 Ne4 52. g5 Rd1+ 53. Kc2 Ra1
54. Kb2 Re1 55. f5 Nxg5 56. Rxg5 R7e2+ 57. Kc3 Rxa2 58. f6 Ree2 59. Rg7+ Kd6 60.
Rxa7 Rac2+ 61. Kd3 Rcd2+ 1/2-1/2

[Event "XXIV Miedzynarodowe Mistrzostwa Polski Duchowienstwa w szachach klasycznych"]
[Site "AKSiM w Toruniu ul. Droga Starotorunska 3"]
[Date "1899-12-30"]
[Round "7.5"]
[White "Natoniewski, Sebastian"]
[Black "Rembecki, Robert"]
[Result "1-0"]
[WhiteTitle "II"]
[BlackTitle "II"]
[WhiteElo "1621"]
[BlackElo "1506"]

1. d4 d5 2. Nf3 Nf6 3. g3 c5 4. Bg2 Nc6 5. c3 Bf5 6. Bg5 h6 7. Bxf6 exf6 8. O-O
Bd6 9. Nbd2 c4 10. Re1 Be6 11. e4 O-O 12. exd5 Bxd5 13. Nh4 Bxg2 14. Kxg2 Qa5
15. Nhf3 Qd5 16. Qc1 f5 17. Qc2 b5 18. Kg1 Rfe8 19. Nh4 f4 20. Qf5 Qxf5 21. Nxf5
Bc7 22. a4 a6 23. d5 Ne5 24. axb5 Nd3 25. Rxe8+ Rxe8 26. bxa6 Bb6 27. Nd4 Ba7
28. Nxc4 fxg3 29. hxg3 Rc8 30. Rd1 Nxf2 31. Kxf2 Rxc4 32. Kf3 Ra4 33. Nc6 Rxa6
34. Nxa7 Rxa7 35. d6 Rd7 36. c4 1-0

[Event "XXIV Miedzynarodowe Mistrzostwa Polski Duchowienstwa w szachach klasycznych"]
[Site "AKSiM w Toruniu ul. Droga Starotorunska 3"]
[Date "1899-12-30"]
[Round "7.6"]
[White "Dyrda, Konrad"]
[Black "Januszewski, Marek"]
[Result "0-1"]
[WhiteTitle "II"]
[BlackTitle "II"]
[WhiteElo "1679"]
[BlackElo "1628"]

1. d4 d5 2. c4 e6 3. Nc3 Be7 4. Nf3 dxc4 5. e4 Nf6 6. Bxc4 O-O 7. O-O h6 8. Bf4
c6 9. Re1 b5 10. Bf1 b4 11. Na4 Ba6 12. Rc1 Bxf1 13. Kxf1 Qa5 14. Ne5 Rd8 15.
Nc4 Qb5 16. b3 c5 17. Qf3 cxd4 18. e5 Nd5 19. Bd2 Nc6 20. Qg3 Kh8 21. Re4 Nc3
22. Rg4 Bf8 23. Nxc3 bxc3 24. Bxh6 gxh6 25. Qf4 Bg7 26. Qxf7 Rg8 27. Rh4 Kh7 28.
Qxe6 Raf8 29. g4 Nd8 30. Qd6 Qc6 31. Qxc6 Nxc6 32. g5 Kg6 33. Ke2 hxg5 34. Re4
Rf4 35. f3 Rxe4+ 36. fxe4 Bxe5 37. Kd3 Nb4+ 0-1

[Event "XXIV Miedzynarodowe Mistrzostwa Polski Duchowienstwa w szachach klasycznych"]
[Site "AKSiM w Toruniu ul. Droga Starotorunska 3"]
[Date "1899-12-30"]
[Round "7.8"]
[White "Grela, Franciszek"]
[Black "Bartoszek, Krzysztof"]
[Result "1-0"]
[WhiteTitle "II"]
[BlackTitle "III"]
[WhiteElo "1555"]
[BlackElo "1527"]

1. e4 b6 2. Bc4 e6 3. Nf3 Bb7 4. d3 d5 5. exd5 exd5 6. Bb3 Be7 7. O-O Nf6 8. Re1
O-O 9. Bg5 Re8 10. c3 h6 11. Bh4 Nh7 12. Bxe7 Rxe7 13. Nbd2 c5 14. Rxe7 Qxe7 15.
Qe1 Qe6 16. Qxe6 fxe6 17. Re1 Kf7 18. Ne5+ Kf6 19. Ng4+ Kf7 20. Bc2 Nf8 21. Nf3
Nbd7 22. Nfe5+ Nxe5 23. Nxe5+ Kf6 24. Ng4+ Ke7 25. f4 h5 26. Nf2 Kf6 27. g3 Re8
28. h4 e5 29. fxe5+ Rxe5 30. Rf1 Re2 31. Nh3+ Ke7 32. Rc1 d4 33. Nf4 Rd2 34. cxd4
Bf3 35. dxc5 bxc5 36. Bb3 Kd6 37. Rc2 Rd1+ 38. Kf2 Bg4 39. Ng2 Rxd3 40. Ne3 Ne6
41. Nxg4 hxg4 42. Bxe6 Kxe6 43. Rxc5 Rd2+ 44. Ke3 Rxb2 45. Ra5 Rb7 46. Kf4 Kf6
47. Ra6+ Kf7 48. Kxg4 Rb4+ 49. Kh3 Rb7 50. h5 Rc7 51. g4 Rd7 52. a4 Rc7 53. Kh4
Rd7 54. g5 Rc7 55. Ra5 1-0

[Event "XXIV Miedzynarodowe Mistrzostwa Polski Duchowienstwa w szachach klasycznych"]
[Site "AKSiM w Toruniu ul. Droga Starotorunska 3"]
[Date "1899-12-30"]
[Round "7.10"]
[White "Kubasik, Adam"]
[Black "Domaraczenko, Krzysztof"]
[Result "0-1"]
[WhiteTitle "III"]
[BlackTitle "II"]
[WhiteElo "1479"]
[BlackElo "1510"]

1. b4 e5 2. a3 Nf6 3. Bb2 d6 4. e3 Be7 5. d4 exd4 6. Bxd4 O-O 7. Bd3 c5 8. bxc5
dxc5 9. Bb2 Bg4 10. Nf3 Nc6 11. O-O h6 12. Nc3 Nh7 13. Bxh7+ Kxh7 14. Qxd8 Raxd8
15. Ne1 Rd2 16. Ne4 Rd5 17. Nd3 c4 18. Nb4 Nxb4 19. axb4 a6 20. c3 f5 21. Ng3
f4 22. exf4 Rxf4 23. Rae1 Bd8 24. h3 Bc8 25. Bc1 Rf8 26. Re4 b5 27. Nh5 Rxh5 28.
Rfe1 Bb6 29. Be3 Bxe3 30. R1xe3 Rg5 31. f4 Rg6 32. g4 Bb7 33. Re7 Ba8 34. f5 Rxf5
35. Re8 Bc6 36. Rd8 h5 37. Rg3 hxg4 38. hxg4 Rfg5 39. Rd4 Bb7 40. Rf4 Bc8 41.
Kf2 Bxg4 42. Ke3 Re6+ 43. Kd4 Rd6+ 0-1